000 00978nam a2200229Ia 4500
999 _c40812
_d40812
001 7452
003 GE_BSU
005 20231212114904.0
008 181216s1978||||ge |||||||||||||| ||geo||
040 _cGE_BSU
041 _ageo
080 _a821.353.1-31 დ-34
100 _aდემურხანაშვილი, სოლომონ
_920671
245 _aმზის მიმოქცევა :
_bრომანი /
_cსოლომონ დემურხანაშვილი ; რედ. გრ. ჯულუხიძე ; მხატვ. სპ. ცინცაძე.
264 _aთბილისი :
_bმერანი,
_c1978.
300 _a279 გვ. ;
_c20 სმ.
653 _aმზის მიმოქცევა
653 _aრომანი
700 _aჯულუხიძე, გრ.
_eრედაქტორი
_94382
700 _aცინცაძე, სპ.
_eმხატვარი
_93670
942 _cBK
_2udc